000 00840nam a2200277Ia 4500
003 OSt
005 20220925195149.0
006 a|||||r|||| 00| 0
007 ta
008 220923b |||||||| |||| 00| 0 eng d
020 _a184542011X
037 _cGeneral Book
040 _aRTL
_cRTL
_beng
041 _2eng
_aeng
082 _aX:1:(G:55), P5
100 _aKrarup Signe
_9253597
245 0 _aEnvironment information and consumer behaviour
260 _aCheltenham
_bEdward Elgar
_c2005
300 _axiii;299p.
_ccm.
490 _aNew Horizons in Environmental Economics
500 _aBibliography chapterwise
650 _aConsumption Economics
700 _a Russell Clifford S Ed.
_9231037
942 _hX:1:(G:55), P5
_cGB
_2CC
999 _c532050
_d532050